[Event "Oskarja Memorial 10th"]
[Site "Chess.com INT"]
[Date "2021.01.16"]
[Round "4"]
[White "Grein, Bogomir"]
[Black "Poljak, Nikola"]
[Result "1-0"]
[WhiteElo "1731"]
[BlackElo "1947"]
[PlyCount "125"]
[EventDate "2021.01.16"]
[EventType "swiss (blitz)"]
[EventRounds "15"]
[EventCountry "SLO"]
[SourceTitle "CBM 200 Extra"]
[Source "ChessBase"]
[SourceDate "2021.03.31"]
[SourceVersion "1"]
[SourceVersionDate "2021.03.31"]
[SourceQuality "1"]

1. e4 c5 2. Nc3 Nc6 3. f4 d6 4. Nf3 Bg4 5. Be2 e5 6. d3 Nf6 7. 0-0 h5 8. Qe1 Bxf3 9. Bxf3 Nd4 10. Bd1 h4 11. Qf2 h3 12. g3 Qd7 13. fxe5 dxe5 14. Bg5 Ng4 15. Qe1 f6 16. Be3 Nxe3 17. Qxe3 a6 18. Nd5 Qc6 19. c3 Ne6 20. b4 Nc7 21. Nxc7+ Qxc7 22. Kh1 0-0-0 23. Bg4+ Kb8 24. Rab1 c4 25. d4 exd4 26. cxd4 Qb6 27. Qc3 Qxd4 28. Qxd4 Rxd4 29. Rfd1 Rxd1+ 30. Rxd1 Bxb4 31. Kg1 c3 32. Kf1 Re8 33. Bf5 Re5 34. Ke2 c2 35. Rc1 Rc5 36. Kd3 Re5 37. Rxc2 Bc5 38. g4 Re7 39. Rxc5 b6 40. Rd5 Kc7 41. Kc4 b5+ 42. Kb4 Kb6 43. Rd6+ Kb7 44. Rd7+ Rxd7 45. Bxd7 Kb6 46. Be6 g5 47. Bd5 a5+ 48. Kb3 Kc5 49. a3 Kd4 50. Bc6 b4 51. axb4 axb4 52. Kxb4 Ke3 53. Kc4 Kf2 54. Kd5 Kg1 55. Ke6 Kxh2 56. Kxf6 Kg3 57. e5 Kxg4 58. e6 Kg3 59. e7 g4 60. e8Q h2 61. Qg8 Kh3 62. Kf5 g3 63. Qh7# 1-0

[Event "Oskarja Memorial 10th"]
[Site "Chess.com INT"]
[Date "2021.01.16"]
[Round "10"]
[White "Kogoj, Boris"]
[Black "Poljak, Nikola"]
[Result "1-0"]
[WhiteElo "1856"]
[BlackElo "1947"]
[PlyCount "80"]
[EventDate "2021.01.16"]
[EventType "swiss (blitz)"]
[EventRounds "15"]
[EventCountry "SLO"]
[SourceTitle "CBM 200 Extra"]
[Source "ChessBase"]
[SourceDate "2021.03.31"]
[SourceVersion "1"]
[SourceVersionDate "2021.03.31"]
[SourceQuality "1"]

1. e4 c5 2. f4 Nc6 3. Nf3 d6 4. d3 e5 5. f5 Nf6 6. h3 d5 7. Nc3 dxe4 8. dxe4 Qxd1+ 9. Kxd1 Nd4 10. Bc4 Nxf3 11. gxf3 Be7 12. Be3 0-0 13. Nd5 Nxd5 14. Bxd5 Rb8 15. Ke2 b6 16. c4 g6 17. fxg6 hxg6 18. b3 Kg7 19. a4 a5 20. Rag1 Rh8 21. h4 Rxh4 22. Kf2 Bd7 23. Kg2 Rbh8 24. Rxh4 Rxh4 25. Rh1 Rxh1 26. Kxh1 f5 27. Kg2 Kf6 28. Bf2 fxe4 29. fxe4 Kg5 30. Kf3 Bg4+ 31. Kg3 Bd1 32. Be3+ Kh5 33. Be6 Bh4+ 34. Kh3 g5 35. Bg4+ Kg6 36. Bxd1 Be1 37. Bg4 Bc3 38. Bf5+ Kf6 39. Kg4 Bd4 40. Bxg5+ Kf7 1-0

[Event "Oskarja Memorial 10th"]
[Site "Chess.com INT"]
[Date "2021.01.16"]
[Round "13"]
[White "Kos, Jernej"]
[Black "Poljak, Nikola"]
[Result "0-1"]
[WhiteElo "1244"]
[BlackElo "1947"]
[PlyCount "78"]
[EventDate "2021.01.16"]
[EventType "swiss (blitz)"]
[EventRounds "15"]
[EventCountry "SLO"]
[SourceTitle "CBM 200 Extra"]
[Source "ChessBase"]
[SourceDate "2021.03.31"]
[SourceVersion "1"]
[SourceVersionDate "2021.03.31"]
[SourceQuality "1"]

1. c4 e6 2. Nc3 f5 3. g3 Nf6 4. Bg2 Be7 5. d4 d5 6. c5 c6 7. Nf3 0-0 8. 0-0 Nbd7 9. a4 Ne4 10. Qd3 Rf6 11. Bf4 h6 12. Ne5 Nxe5 13. Bxe5 Rf8 14. Nxe4 fxe4 15. Qd2 Bf6 16. Bd6 Be7 17. Be5 Rf5 18. b4 b6 19. Bh3 Rh5 20. Bg2 bxc5 21. bxc5 Bxc5 22. g4 Rxe5 23. dxe5 Ba6 24. Rfe1 Qf8 25. e3 Bc4 26. Qa5 Bb4 27. Qc7 Bxe1 28. Rxe1 Rc8 29. Qxa7 Qf7 30. Rd1 Qxa7 31. Ra1 Be2 32. h3 Bf3 33. Bf1 c5 34. a5 d4 35. a6 d3 36. Kh2 c4 37. Kg3 c3 38. Rc1 d2 39. Rc2 d1Q 0-1

[Event "Oskarja Memorial 10th"]
[Site "Chess.com INT"]
[Date "2021.01.16"]
[Round "2"]
[White "Poljak, Nikola"]
[Black "Zagorac, Marko"]
[Result "1-0"]
[WhiteElo "1947"]
[BlackElo "1357"]
[PlyCount "55"]
[EventDate "2021.01.16"]
[EventType "swiss (blitz)"]
[EventRounds "15"]
[EventCountry "SLO"]
[SourceTitle "CBM 200 Extra"]
[Source "ChessBase"]
[SourceDate "2021.03.31"]
[SourceVersion "1"]
[SourceVersionDate "2021.03.31"]
[SourceQuality "1"]

1. e4 e5 2. f4 d6 3. Nf3 Nc6 4. Bc4 Bg4 5. c3 h6 6. 0-0 Be7 7. d4 exd4 8. cxd4 Bxf3 9. Rxf3 f5 10. Nc3 Nf6 11. Re3 Ng4 12. Rg3 h5 13. h3 Bh4 14. Rd3 Nf6 15. e5 Ne4 16. Nxe4 fxe4 17. Re3 Ne7 18. d5 dxe5 19. fxe5 Bg5 20. Rxe4 Bxc1 21. Rxc1 Qd7 22. d6 Nc6 23. Qd5 0-0-0 24. Bb5 Qf5 25. Bxc6 bxc6 26. Rxc6 Rhf8 27. Rxc7+ Kb8 28. Qb7# 1-0

[Event "CRO-chT3 Center-A"]
[Site "Zagreb"]
[Date "2011.10.02"]
[Round "7.66"]
[White "Smoljanovic, Mihailo"]
[Black "Poljak, Nikola"]
[Result "1/2-1/2"]
[WhiteElo "1919"]
[BlackElo "1918"]
[PlyCount "24"]
[EventDate "2011.03.13"]
[EventType "team-tourn"]
[EventRounds "11"]
[EventCountry "CRO"]
[SourceTitle "EXT 2014"]
[Source "ChessBase"]
[SourceDate "2013.11.20"]
[SourceVersion "1"]
[SourceVersionDate "2013.11.20"]
[SourceQuality "1"]

1. d4 f5 2. c4 e6 3. Nc3 Nf6 4. Bg5 Be7 5. e3 0-0 6. Bd3 c6 7. h4 d5 8. Nf3 Ne4 9. Bxe4 fxe4 10. Bxe7 Qxe7 11. Ne5 Nd7 12. Nxd7 Bxd7 1/2-1/2